[Event "GBR-ch U1750 op 104th"]
[Site "Llandudno"]
[Date "2017.08.03"]
[Round "4"]
[White "Crouch, Timothy J"]
[Black "Newton, Colin"]
[Result "1-0"]
[WhiteElo "1471"]
[BlackElo "1635"]
[PlyCount "91"]
[EventDate "2017.07.31"]
[EventType "swiss"]
[EventRounds "5"]
[EventCountry "WLS"]
[SourceTitle "EXT 2019"]
[Source "ChessBase"]
[SourceDate "2018.10.10"]
[SourceVersion "1"]
[SourceVersionDate "2018.10.10"]
[SourceQuality "1"]

1. e4 d6 2. Nc3 Nf6 3. Nf3 g6 4. b3 Bg7 5. Rb1 0-0 6. Bb2 c5 7. Bc4 Nc6 8. 0-0 a6 9. a4 Bd7 10. Re1 Qc7 11. Nd5 Nxd5 12. exd5 Ne5 13. Nxe5 dxe5 14. Qe2 b5 15. axb5 axb5 16. Bxb5 Bxb5 17. Qxb5 Ra5 18. Qe2 f6 19. f4 exf4 20. Qe6+ Kh8 21. Qxe7 Ra7 22. Qxc7 Rxc7 23. Re6 f5 24. Bxg7+ Kxg7 25. Rbe1 Rd8 26. c4 Rb8 27. Re7+ Rxe7 28. Rxe7+ Kf6 29. Re6+ Kg5 30. Rc6 Kg4 31. Rxc5 f3 32. Rc6 Ra8 33. Re6 Ra2 34. gxf3+ Kxf3 35. Re3+ Kf4 36. Re2 Kf3 37. Rf2+ Ke4 38. d6 Ra8 39. c5 Kd5 40. b4 Kc6 41. Rf1 Rb8 42. Rb1 g5 43. d4 Rb5 44. d5+ Kxd5 45. d7 Rb8 46. d8Q+ 1-0